Statistics for Všeobecné znalosti - kvíz #2

Click here to take the quiz!

General Stats

  • This quiz has been taken 167 times
  • The average score is 9 of 20

Answer Stats

OtázkaOdpověď% Correct
Jak se nazývá trojúhelník, který má dvě strany stejně dlouhé, ale třetí strana se liší?rovnoramenný
76%
Jak se nazývá proces, během nějž rostliny z oxidu uhličitého pomocí světla, teploty a vody vytvoří kyslík?fotosyntéza
74%
Jak se jmenuje Spider-Man civilním jménem?Peter Parker
71%
Jaký mezinárodně uznávaný svátek se slaví 8. března?MDŽ
67%
Který český vědec pomohl k zdokonalení a rozšíření kontaktních čoček?Otto Wichterle
60%
Jak se jmenuje nejvyšší bod Slovenska?Gerlachovský štít
58%
Jakého nového kamaráda získal krtek ve svém čínském pokračování?pandu
57%
Která země má nejvíce medailí ze zimních olympijských her?Norsko
53%
Jak se nazývá věda, která se zabývá studiem psů?kynologie
50%
Na jakou barvu přetřel umělec David Černý tank číslo 23, který na smíchovském náměstí připomínal osvobození Prahy Rudou armádou?růžovou
50%
Kolik má jeden týden minut?10 080
42%
Jak se nazývá vykastrovaný samec od koně?valach
40%
Kolik Zlatých (resp. Českých) slavíků získal Karel Gott?42
33%
Jaké období následovalo po násilném potlačení pražského jara r. 1968?normalizace
33%
Za účelem výstavby čeho přijel Old Shatterhand původně do Ameriky v románech o Vinnetouovi?železnice
33%
Co znamená latinské rčení "mea culpa"?moje vina
26%
Jak se jmenuje vesnice, kde se narodil Karel Havlíček Borovský?Borová
22%
Jakou látku obsahují řasy, které žerou plameňáci a díky níž mají růžové až červené zbarvení?karoten
14%
Na kterou českou novinářku byla r. 2002 objednána vražda pracovníkem ministerstva zahraničí Karlem Srbou?Sabina Slonková
13%
Matkou které fiktivní postavy byla rakouská herečka Marlén Jelinková?Jára Cimrman
9%

Score Distribution

Percentile by Number Answered

Percent of People with Each Score

Your Score History

You have not taken this quiz